It looks like you're offline.
Open Library logo
additional options menu

MARC record from Internet Archive

LEADER: 00586cam 2200193u 4500
001 10217979
005 20010711094635.0
008 810915m19121942dcu 000 0 eng
035 $9(DLC) 46030462
906 $a0$bcbc$cpremunv$du$encip$f19$gy-gencatlg
010 $a 46030462
040 $aDLC$cCarP$dDLC
050 00 $aTX1$b.A65
110 2 $aAmerican home economic association. [from old catalog]
245 00 $aBulletin.
260 $aWashington, D.C. [etc.$c1912-42]
300 $a24 v. in 5.$c26 cm.
650 0 $aHome economics$xSocieties, etc.
991 $bc-GenColl$hTX1$i.A65$tCopy 1$wPREM